[Event "Leipzig VfB op 16th"]
[Site "Leipzig"]
[Date "2009.04.05"]
[Round "9"]
[White "Wolter, Uwe"]
[Black "Goerig, Axel"]
[Result "1/2-1/2"]
[WhiteElo "1389"]
[BlackElo "1508"]
[PlyCount "54"]
[EventDate "2009.03.31"]
[EventType "swiss"]
[EventRounds "9"]
[EventCountry "GER"]
[SourceTitle "EXT 2010"]
[Source "ChessBase"]
[SourceDate "2010.11.25"]
[SourceVersion "1"]
[SourceVersionDate "2010.11.25"]
[SourceQuality "1"]

1. c4 Nf6 2. Nc3 e6 3. g3 d5 4. cxd5 exd5 5. d4 c6 6. Bg2 Be7 7. Bg5 h6 8. Bxf6 Bxf6 9. e3 0-0 10. Nge2 Bf5 11. 0-0 Re8 12. Qd2 Nd7 13. Nf4 Qc7 14. Rfc1 Be7 15. Ncxd5 Qd6 16. Nxe7+ Rxe7 17. b4 Nf6 18. a4 Rae8 19. Ra3 Ne4 20. Qb2 Qb8 21. Rb3 Nf6 22. b5 cxb5 23. Rxb5 Be4 24. Bxe4 Nxe4 25. a5 Nd6 26. Rb3 a6 27. Nd5 Rd7 1/2-1/2

[Event "Leipzig VfB op 16th"]
[Site "Leipzig"]
[Date "2009.04.04"]
[Round "7"]
[White "Schomann, Michael"]
[Black "Goerig, Axel"]
[Result "1-0"]
[WhiteElo "1787"]
[BlackElo "1508"]
[PlyCount "117"]
[EventDate "2009.03.31"]
[EventType "swiss"]
[EventRounds "9"]
[EventCountry "GER"]
[SourceTitle "EXT 2010"]
[Source "ChessBase"]
[SourceDate "2010.11.25"]
[SourceVersion "1"]
[SourceVersionDate "2010.11.25"]
[SourceQuality "1"]

1. d4 d5 2. c4 e6 3. Nc3 Nf6 4. Nf3 b6 5. cxd5 exd5 6. e3 Be7 7. Bd3 Bb7 8. Qc2 0-0 9. 0-0 Nbd7 10. Bd2 Re8 11. Rae1 g6 12. a3 Bd6 13. h3 a6 14. Re2 Ne4 15. Bc1 Ndf6 16. Nd2 Qd7 17. Ncxe4 dxe4 18. Bc4 b5 19. Ba2 a5 20. Bb1 b4 21. Rd1 Ba6 22. Nc4 bxa3 23. bxa3 Qb5 24. Ba2 Rab8 25. Red2 Qh5 26. Re1 Bc8 27. Nxd6 cxd6 28. Qc7 Be6 29. Bxe6 fxe6 30. Qxd6 Nd5 31. Rb2 Rbd8 32. Qc5 a4 33. Rb7 Qf5 34. Qa7 g5 35. Qxa4 Rf8 36. Qc2 Rc8 37. Qd2 g4 38. hxg4 Qxg4 39. Qd1 Qg6 40. Bd2 Rf5 41. g3 Rcf8 42. Rf1 Qf6 43. Qg4+ Rg5 44. Qh3 Qg6 45. a4 Rh5 46. Qg2 Nf6 47. Rb5 Rh6 48. f4 Nd5 49. Kf2 Ne7 50. Rh1 Nf5 51. Rxh6 Nxh6 52. a5 Kh8 53. Ke1 Rc8 54. Rc5 Rb8 55. Bc3 Rb1+ 56. Kd2 Qg4 57. Qe2 Qxg3 58. Rg5 Qf3 59. d5+ 1-0